| 000 | 00732nam a2200181 i 4500 | ||
|---|---|---|---|
| 001 | 100138 | ||
| 003 | ES-MaACL | ||
| 005 | 20230906182620.0 | ||
| 007 | t| | ||
| 008 | 050922s1972 sp ||||1| spa d | ||
| 100 | 1 |
_aMartínez de Salinas Mendoza, Eduardo. _978031 |
|
| 245 | 1 | 0 |
_aDerecho _b: contestaciones al programa del Concurso Oposición para Oficiales Administrativos / _cpor Eduardo J. Martínez de Salinas Mendoza. |
| 260 |
_aMadrid : _bRaycar, _c1972. |
||
| 300 |
_aVII p., : _b128 fol. ; _c30 cm. |
||
| 500 | _aPrecede al tít.: Centro de Formación y Perfeccionamiento del Banco de España. | ||
| 710 | 2 |
_aCentro de Formación y Perfeccionamiento del Banco de España. _92689 |
|
| 852 |
_aES-MaACL _jC-47213 _bR.84243 |
||
| 999 |
_c100138 _d100138 |
||